000 00638nam a22001575i 4500
001 167412
003 ES-MaACL
005 20250716042946.0
008 040729s1885 dr 010 0dspa d
245 0 0 _aVíctor Hugo :
_bálbum dedicado a su memoria en nombre de la República Dominicana por la prensa asociada de Santo Domingo.
260 _aSanto Domingo :
_b[s.n.],
_c1885 (
_fImp. Cuna de América)
300 _a82, II p. ;
_c24 cm.
600 1 4 _aHugo, Victor,
_d1802-1885-
_vHomenajes
_9174657
852 _aES-MaACL
_jT-437-F-14
_z-- Enc. hol.
_q-- Falto de la cub. original
_z-- Enc. en un vol. facticio
999 _c167412
_d167412